00754cam a22002171 4500001001300000003000400013005001700017008004100034010001700075035001900092040002100111042001200132050002000144100003200164245011300196260006400309300002400373490003900397505005900436700004100495ca 31000580 DLC20260227111125.0790523s1928 xx 000 0 pol  aca 31000580  a(OCoLC)4992912 aDLCcOUdOTdDLC apremarc00aPR6005.O4bN5861 aConrad, Joseph,d1857-1924.10aNostromo;bpowieść z pobrzeża morskiego, z przedmowa autora ...cprzełożył Stanisław Wyrzykowski. aWarszawa,bDom ksiażki polskiej spółka akcyjna,c1928. a2 v.bport.c21 cm.0 aPisma zbiorowe Josepha Conrada ...0 at. 1. Srebro kapalni. Izabele.--t. 2. Latarina moroka.1 aWyrzykowski, Stanisław,d1873-etr.